Microsoft C Compiler for the MS-DOS Operating Systems : User's Guide

Guardado en:
Detalles Bibliográficos
Formato: Libro
Lenguaje:inglés
Publicado: Redmond : Microsoft Corporation, 1986
Etiquetas: Agregar Etiqueta
Sin Etiquetas, Sea el primero en etiquetar este registro!

MARC

LEADER 00000nam a22000003a 4500
001 stu265475
005 20141121184311.2
008 130416s--------xxu-----------------eng-d
040 |a STU  |b slo 
041 0 |a eng 
044 |a xxu 
245 |a Microsoft C Compiler for the MS-DOS Operating Systems :  |b User's Guide 
260 |a Redmond :  |b Microsoft Corporation,  |c 1986 
996 |l II680  |s A  |a 24  |w stu265475_0001